| 000 | 00903nam a2200241 a 4500 | ||
|---|---|---|---|
| 008 | 120416s2000 ||||||||||||||||| || u | ||
| 020 | _a0471317918 | ||
| 050 | _aQR 111 Tat | ||
| 100 | _aTate, Robert L., 1944- | ||
| 245 | 1 | 0 | _aSoil microbiology |
| 246 | _aRobert L. Tate III | ||
| 250 | _a2nd ed. | ||
| 260 |
_aNew York: _bJohn Wiley and Sons _c2000 |
||
| 300 | _axxiii, 508p.: ill. | ||
| 350 | _a0.00 | ||
| 500 | _aIncludes bibliographical references and index. | ||
| 650 | _aSOIL MICROBIOLOGY | ||
| 650 | _aSOILS | ||
| 856 | _uhttp://www.loc.gov/catdir/bios/wiley046/99021922.html | ||
| 856 | _uhttp://www.loc.gov/catdir/toc/onix05/99021922.html | ||
| 856 | _uhttp://www.loc.gov/catdir/description/wiley0310/99021922.html | ||
| 995 |
_D0.00 _FCBU-MAIN LIBRARY (Kitwe) _H1 _I20.00 _M1 _UDAMAGED _WMar 23, 2007 _ZMain Library Open Access Collection |
||
| 999 |
_c57849 _d57849 |
||